[Event "I. CLANSKA LIGA ZAHOD 2024"]
[Site "Komenda"]
[Date "2024.10.26"]
[Round "8.3"]
[White "Markocic, Tine"]
[Black "Gasparac, Gregor"]
[Result "1-0"]
[WhiteElo "2077"]
[BlackElo "2087"]
[PlyCount "105"]
[EventDate "2024.09.27"]
[WhiteTeam "SK NOVA GORICA"]
[BlackTeam "SK KOCEVJE"]

1. c4 Nf6 2. Nc3 g6 3. e4 d6 4. g3 Bg7 5. Bg2 O-O 6. Nge2 c5 7. O-O Nc6 8. d3
a6 9. Rb1 Rb8 10. a4 Bd7 11. h3 Ne8 12. Be3 Nd4 13. b4 Nc7 14. b5 Nce6 15. f4
Nxe2+ 16. Nxe2 Nd4 17. Nxd4 cxd4 18. Bd2 Qc8 19. g4 b6 20. Qf3 a5 21. Bc1 Qc5
22. Rb3 Bc8 23. Ba3 Qc7 24. Rb2 Bb7 25. Qg3 Rbd8 26. f5 Be5 27. Qh4 f6 28. fxg6
hxg6 29. Qh6 g5 30. Qg6+ Kh8 31. Qh6+ Kg8 32. Qg6+ Kh8 33. h4 e6 34. hxg5 Qh7
35. Qxh7+ Kxh7 36. gxf6 Kg6 37. Rbf2 Bc8 38. Bh3 Rxf6 39. Bc1 Rdf8 40. g5 Rxf2
41. Rxf2 Rh8 42. Rf3 Bd7 43. Bg2 d5 44. Rh3 Rxh3 45. Bxh3 dxc4 46. dxc4 Bd6 47.
Kf2 Be7 48. Bb2 Bc5 49. Bc1 Bc8 50. Ke2 Kh5 51. Kd3 Kh4 52. g6 Bf8 53. Bb2 1-0

[Event "I. CLANSKA LIGA ZAHOD 2024"]
[Site "Komenda"]
[Date "2024.10.26"]
[Round "8.3"]
[White "Jalovec, Igor"]
[Black "Markocic, Spela"]
[Result "1-0"]
[WhiteElo "1956"]
[BlackElo "1896"]
[PlyCount "77"]
[EventDate "2024.09.27"]
[WhiteTeam "SK KOCEVJE"]
[BlackTeam "SK NOVA GORICA"]

1. e4 c5 2. c3 d5 3. exd5 Qxd5 4. d4 Nf6 5. Nf3 Bg4 6. Be2 Nc6 7. Na3 e6 8. Be3
cxd4 9. Nb5 Rc8 10. Nbxd4 a6 11. O-O Be7 12. Nxc6 Qxc6 13. Qb3 Qd5 14. c4 Qe4
15. Bd3 Qc6 16. Ne5 Qc7 17. Bf4 Bd6 18. Qa4+ Ke7 19. Rfe1 Rhd8 20. Bf1 Bf5 21.
b4 Nh5 22. c5 Nxf4 23. cxd6+ Rxd6 24. b5 Ng6 25. Rac1 Qd8 26. Nc4 Rd4 27. Qb4+
Ke8 28. Nd6+ Rxd6 29. Rxc8 Qxc8 30. Qxd6 a5 31. Rd1 Be4 32. b6 Bc6 33. Qc5 Ne7
34. Qxa5 Nd5 35. Rc1 Qd7 36. Rxc6 bxc6 37. Qa8+ Ke7 38. b7 Nb6 39. Qa3+ 1-0

[Event "I. CLANSKA LIGA ZAHOD 2024"]
[Site "Komenda"]
[Date "2024.10.26"]
[Round "8.4"]
[White "Marinko, Peter"]
[Black "Rodman, Franc"]
[Result "1-0"]
[WhiteElo "2074"]
[BlackElo "1999"]
[PlyCount "55"]
[EventDate "2024.09.27"]
[WhiteTeam "TAJFUN - SK LJUBLJANA"]
[BlackTeam "SD SIJ ACRONI JESENICE"]

1. Nf3 Nf6 2. b3 g6 3. Bb2 Bg7 4. c4 O-O 5. d4 d6 6. g3 c5 7. Bg2 Nc6 8. O-O
Bd7 9. d5 Na5 10. Nc3 a6 11. Nd2 Rb8 12. e4 b5 13. Qc2 bxc4 14. bxc4 e6 15.
Rab1 exd5 16. Nxd5 Rxb2 17. Rxb2 Nxd5 18. cxd5 Bxb2 19. Qxb2 Bb5 20. Ra1 Qc7
21. a4 Bd3 22. Qa3 c4 23. Rc1 Qb6 24. Qc3 Rb8 25. Bf1 Bxf1 26. Kxf1 Qb2 27.
Qxb2 Rxb2 28. Nxc4 1-0

[Event "I. CLANSKA LIGA ZAHOD 2024"]
[Site "Komenda"]
[Date "2024.10.26"]
[Round "8.4"]
[White "Jeraj, Zlatko"]
[Black "Srebrnic, Vojko"]
[Result "1-0"]
[WhiteElo "1989"]
[BlackElo "2074"]
[PlyCount "87"]
[EventDate "2024.09.27"]
[WhiteTeam "SD SIJ ACRONI JESENICE"]
[BlackTeam "TAJFUN - SK LJUBLJANA"]

1. d4 Nf6 2. Nf3 g6 3. c4 Bg7 4. g3 d6 5. Nc3 O-O 6. Bg2 c6 7. O-O Qc7 8. Qc2
e5 9. dxe5 dxe5 10. e4 Na6 11. a3 Nc5 12. Be3 Ne6 13. Rad1 Ng4 14. Bc1 Bh6 15.
Bxh6 Nxh6 16. Ne2 f6 17. c5 Nf7 18. b4 Ng7 19. Nd2 Be6 20. f4 Bg4 21. Nc4 Bxe2
22. Qxe2 Rad8 23. Rxd8 Qxd8 24. Rd1 Qe7 25. fxe5 Nxe5 26. Nd6 Rd8 27. Rf1 Ne8
28. Nxe8 Rxe8 29. Rd1 Rd8 30. Rd2 Kf8 31. Qd1 Ke8 32. Rxd8+ Qxd8 33. Qxd8+ Kxd8
34. Bf1 Kc7 35. Be2 b6 36. cxb6+ Kxb6 37. Kf2 c5 38. bxc5+ Kxc5 39. Ke3 Nc4+
40. Bxc4 Kxc4 41. Kf4 Kb3 42. g4 h6 43. h4 Kc4 44. e5 1-0

[Event "I. CLANSKA LIGA ZAHOD 2024"]
[Site "Komenda"]
[Date "2024.10.26"]
[Round "8.4"]
[White "Persl, Bojan"]
[Black "Pazlar, Marko"]
[Result "1/2-1/2"]
[WhiteElo "2040"]
[BlackElo "1975"]
[PlyCount "128"]
[EventDate "2024.09.27"]
[WhiteTeam "TAJFUN - SK LJUBLJANA"]
[BlackTeam "SD SIJ ACRONI JESENICE"]

1. e4 e6 2. d4 d5 3. Nd2 f5 4. e5 c5 5. c3 cxd4 6. cxd4 Nh6 7. Bd3 Nc6 8. Ne2
Bd7 9. O-O Be7 10. a3 a5 11. Nf3 Nf7 12. Bd2 Qb6 13. Bc3 g5 14. Kh1 h5 15. Nfg1
a4 16. Bc2 Qc7 17. Re1 h4 18. Nh3 O-O-O 19. Bxa4 Ncxe5 20. Bxd7+ Nxd7 21. Nc1
Rh6 22. Nd3 Bd6 23. Ng1 Kb8 24. Nf3 g4 25. Nfe5 Bxe5 26. dxe5 h3 27. g3 d4 28.
Bd2 Rhh8 29. f3 Nc5 30. Bf4 gxf3 31. Nxc5 Qxc5 32. Qxf3 Qd5 33. Qxd5 Rxd5 34.
Rad1 d3 35. Kg1 Rc8 36. Rd2 Rc4 37. Kf2 Kc7 38. Re3 Rc2 39. Rxc2+ dxc2 40. Rc3+
Kd7 41. Rxc2 Nxe5 42. Bxe5 Rxe5 43. Rc4 Kd6 44. Rb4 b5 45. g4 fxg4 46. Rxg4 Kc5
47. Rh4 Rd5 48. b4+ Kd6 49. Rxh3 Rd1 50. Rc3 Ra1 51. h4 Ke5 52. Rh3 Kf4 53.
Rf3+ Kg4 54. Re3 Kxh4 55. Rxe6 Rxa3 56. Rb6 Kg5 57. Ke2 Kf5 58. Kd2 Ke5 59.
Rxb5+ Kd6 60. Kc2 Kc6 61. Rc5+ Kb6 62. Kb2 Rh3 63. Kc2 Rg3 64. Kb2 Rh3 1/2-1/2

[Event "I. CLANSKA LIGA ZAHOD 2024"]
[Site "Komenda"]
[Date "2024.10.26"]
[Round "8.4"]
[White "Pavlin, Ivan"]
[Black "Zmavc, Mark"]
[Result "0-1"]
[WhiteElo "1906"]
[BlackElo "1967"]
[PlyCount "161"]
[EventDate "2024.09.27"]
[WhiteTeam "SD SIJ ACRONI JESENICE"]
[BlackTeam "TAJFUN - SK LJUBLJANA"]

1. d4 d5 2. Nf3 Nf6 3. c4 c6 4. e3 e6 5. Nc3 Nbd7 6. Bd2 Bd6 7. cxd5 exd5 8.
Be2 O-O 9. O-O Ne4 10. Be1 f5 11. Nd2 Qf6 12. f4 Nxd2 13. Qxd2 Re8 14. Bf2 b5
15. a3 Nb6 16. b3 a5 17. a4 b4 18. Na2 Bd7 19. Bf3 Bc8 20. Rac1 Bb7 21. Rc2
Rac8 22. Nc1 c5 23. dxc5 Rxc5 24. Rxc5 Bxc5 25. Nd3 Bd6 26. Rc1 Rc8 27. g3 Ba6
28. Rxc8+ Bxc8 29. Ne1 Bb7 30. Qd3 Bc6 31. Qa6 Bc5 32. Nd3 Qc3 33. Nxc5 Qxc5
34. Kg2 d4 35. exd4 Bxf3+ 36. Kxf3 Qd5+ 37. Ke2 Qe4+ 38. Kd2 Nd5 39. Qe2 Kf7
40. Qxe4 fxe4 41. Be3 Kf6 42. h3 h5 43. g4 hxg4 44. hxg4 g6 45. Bf2 Nxf4 46.
Ke3 Nd3 47. Bg3 Nc1 48. Kxe4 Nxb3 49. Be5+ Ke6 50. Bc7 Kd7 51. Bb6 Kc6 52. Bd8
Kd7 53. Bg5 Ke6 54. Bf4 Na1 55. d5+ Kd7 56. Kd3 Nb3 57. Kc4 Na1 58. Be5 Nc2 59.
Kb5 Ne3 60. Bd4 Nxd5 61. Kxa5 Kc6 62. g5 b3 63. Ka6 Nb4+ 64. Ka7 Nd3 65. Kb8 b2
66. Bxb2 Nxb2 67. a5 Kb5 68. Kc7 Nd3 69. Kd6 Kxa5 70. Ke6 Nf4+ 71. Ke5 Nh5 72.
Ke6 Kb5 73. Kd5 Kb4 74. Kd4 Kb3 75. Kd3 Ng3 76. Ke3 Kc4 77. Kf4 Nh5+ 78. Ke4
Kc3 79. Ke3 Ng7 80. Ke4 Nf5 81. Ke5 0-1

[Event "I. CLANSKA LIGA ZAHOD 2024"]
[Site "Komenda"]
[Date "2024.10.26"]
[Round "8.4"]
[White "Belyaletdinov, Leonard"]
[Black "Ravnik, Franc"]
[Result "1-0"]
[WhiteElo "1843"]
[BlackElo "1847"]
[PlyCount "27"]
[EventDate "2024.09.27"]
[WhiteTeam "TAJFUN - SK LJUBLJANA"]
[BlackTeam "SD SIJ ACRONI JESENICE"]

1. Nf3 c5 2. c3 Nc6 3. d4 e6 4. e4 cxd4 5. cxd4 d5 6. e5 Bb4+ 7. Nc3 Nge7 8.
Bd3 O-O 9. Bxh7+ Kxh7 10. Ng5+ Kg6 11. Qg4 f5 12. exf6 e5 13. Ne6+ Kxf6 14.
Bg5+ 1-0

[Event "I. CLANSKA LIGA ZAHOD 2024"]
[Site "Komenda"]
[Date "2024.10.26"]
[Round "8.4"]
[White "Kljucanin, Fahrudin"]
[Black "Samotorcan, Gal"]
[Result "1-0"]
[WhiteElo "1680"]
[BlackElo "1702"]
[PlyCount "91"]
[EventDate "2024.09.27"]
[WhiteTeam "SD SIJ ACRONI JESENICE"]
[BlackTeam "TAJFUN - SK LJUBLJANA"]

1. d4 d5 2. c4 dxc4 3. e4 c5 4. d5 Nf6 5. f3 e5 6. Bxc4 g6 7. Ne2 Bg7 8. O-O
O-O 9. Nbc3 Ne8 10. Be3 Nd6 11. Bb3 b6 12. a3 Kh8 13. Rc1 f5 14. Bf2 f4 15. Nb1
g5 16. h3 Nd7 17. Nd2 Nf6 18. Nc4 Nfe8 19. Ba4 Nxc4 20. Rxc4 Nd6 21. Rc1 Qf6
22. Bc6 Rb8 23. b4 c4 24. b5 h5 25. Qe1 Rf7 26. Kh2 Bf8 27. Rh1 Qg6 28. a4 Rh7
29. g3 Bg7 30. gxf4 exf4 31. Rg1 Be5 32. Bd4 Bxd4 33. Nxd4 g4 34. Qc3 Rg7 35.
e5 Nf5 36. Nxf5 Qxf5 37. e6 Bb7 38. Qxc4 Bxc6 39. bxc6 Rbg8 40. Qd4 Kh7 41. Qe4
Qxe4 42. fxe4 f3 43. hxg4 hxg4 44. Kg3 Kg6 45. c7 Rc8 46. d6 1-0

[Event "I. CLANSKA LIGA ZAHOD 2024"]
[Site "Komenda"]
[Date "2024.10.26"]
[Round "8.5"]
[White "Praznik, Niko"]
[Black "Lucovnik, Tilen"]
[Result "1/2-1/2"]
[WhiteElo "2313"]
[BlackElo "2169"]
[PlyCount "104"]
[EventDate "2024.09.27"]
[WhiteTeam "SD VRHNIKA"]
[BlackTeam "SK KOMENDA"]

1. e4 d6 2. d4 Nf6 3. Nc3 e5 4. Nf3 Nbd7 5. Bc4 Be7 6. O-O O-O 7. Re1 c6 8. a4
a5 9. h3 exd4 10. Qxd4 Nc5 11. Bg5 Be6 12. Bxf6 Bxf6 13. e5 Be7 14. exd6 Qxd6
15. Qxd6 Bxd6 16. Bxe6 Nxe6 17. Ne4 Rfd8 18. Rad1 Be7 19. Kf1 Kf8 20. Ne5 Rxd1
21. Rxd1 f5 22. Ng3 g6 23. Ne2 Rd8 24. Rxd8+ Bxd8 25. Nc1 Bc7 26. Ncd3 Ke7 27.
Nf3 Kd6 28. Ke2 b5 29. axb5 cxb5 30. c3 Kd5 31. g3 Bd8 32. Nd2 Bf6 33. Nb3 a4
34. Nb4+ Kd6 35. Na1 Ng5 36. h4 Ne4 37. Nac2 f4 38. gxf4 Bxh4 39. Nd3 Kd5 40.
Na3 Nd6 41. Kf3 Bf6 42. Nb4+ Kc5 43. Nd3+ Kd5 44. Nb4+ Ke6 45. Na6 Kd7 46. Nb4
Bd8 47. Nd3 Bb6 48. Kg4 Ke6 49. Kg5 Nf7+ 50. Kg4 Nd8 51. Kg5 Nf7+ 52. Kg4 Nd6
1/2-1/2

[Event "I. CLANSKA LIGA ZAHOD 2024"]
[Site "Komenda"]
[Date "2024.10.26"]
[Round "8.5"]
[White "Keber, Aljosa"]
[Black "Siraj, Anej"]
[Result "1-0"]
[WhiteElo "2103"]
[BlackElo "2075"]
[PlyCount "79"]
[EventDate "2024.09.27"]
[WhiteTeam "SK KOMENDA"]
[BlackTeam "SD VRHNIKA"]

1. c4 e6 2. g3 d5 3. Bg2 Nf6 4. Nf3 dxc4 5. Qa4+ Bd7 6. Qxc4 Bc6 7. O-O Be7 8.
d3 O-O 9. a3 a5 10. e4 b5 11. Qc2 Bb7 12. Bf4 c5 13. a4 bxa4 14. Nc3 Nc6 15.
Rfd1 Nb4 16. Qd2 Ba6 17. d4 Nd3 18. d5 exd5 19. exd5 a3 20. bxa3 Nxf4 21. Qxf4
Bd6 22. Qh4 Rb8 23. Rac1 Rb3 24. Qa4 c4 25. Nd4 Rxa3 26. Qc6 Bb4 27. Nb1 Qc8
28. Nxa3 Bxa3 29. Ra1 Bb4 30. Qxc8 Rxc8 31. Nc6 Bb5 32. Nxa5 c3 33. Nc6 Bc5 34.
Ra5 Be2 35. Rxc5 Bxd1 36. Ne7+ Kf8 37. Nxc8 c2 38. Kf1 Nd7 39. Rc3 Ne5 40. Be4
1-0

[Event "I. CLANSKA LIGA ZAHOD 2024"]
[Site "Komenda"]
[Date "2024.10.26"]
[Round "8.5"]
[White "Siraj, Svit"]
[Black "Zidar, Jernej"]
[Result "1/2-1/2"]
[WhiteElo "2048"]
[BlackElo "2055"]
[PlyCount "60"]
[EventDate "2024.09.27"]
[WhiteTeam "SD VRHNIKA"]
[BlackTeam "SK KOMENDA"]

1. e4 c5 2. Nf3 d6 3. d4 Nf6 4. dxc5 Nxe4 5. cxd6 Nxd6 6. Bd3 g6 7. O-O Bg7 8.
c3 O-O 9. Bf4 Nc6 10. Re1 Bg4 11. Nbd2 e5 12. Bg3 Re8 13. Ne4 Nxe4 14. Bxe4 Qb6
15. Qb3 Be6 16. Qxb6 axb6 17. Bxc6 bxc6 18. Nxe5 Rxa2 19. Rxa2 Bxa2 20. f3 Bxe5
21. Rxe5 Rxe5 22. Bxe5 Bd5 23. b4 b5 24. Bd4 f5 25. f4 Kf7 26. g3 h5 27. h4 Ke6
28. Kf2 Bc4 29. Bh8 Bd5 30. Bd4 Be4 1/2-1/2

[Event "I. CLANSKA LIGA ZAHOD 2024"]
[Site "Komenda"]
[Date "2024.10.26"]
[Round "8.5"]
[White "Kobold, Andrej"]
[Black "Praznik, Anton"]
[Result "0-1"]
[WhiteElo "1973"]
[BlackElo "1967"]
[PlyCount "94"]
[EventDate "2024.09.27"]
[WhiteTeam "SK KOMENDA"]
[BlackTeam "SD VRHNIKA"]

1. d4 Nf6 2. Nf3 g6 3. Bg5 Bg7 4. Nbd2 h6 5. Bh4 d6 6. c3 g5 7. Bg3 Nh5 8. e4
e6 9. Nc4 Qe7 10. Nfd2 Nxg3 11. hxg3 Nd7 12. Ne3 b6 13. Bb5 a6 14. Bc6 Ra7 15.
f4 Kd8 16. e5 f5 17. exf6 Nxf6 18. Qf3 d5 19. Ba4 b5 20. Bc2 c6 21. O-O-O Rf8
22. Rhe1 Qd6 23. f5 Re7 24. fxe6 Bxe6 25. Nf5 Bxf5 26. Bxf5 Rfe8 27. Rxe7 Qxe7
28. Bg6 Rf8 29. Qd3 Ng4 30. Rf1 Nf2 31. Qc2 Qe2 32. Kb1 Rf6 33. Rc1 g4 34. Bh7
h5 35. Nb3 Qxc2+ 36. Kxc2 Bf8 37. Re1 Bd6 38. Nc5 Bxg3 39. Re3 h4 40. Nb7+ Kc8
41. Nc5 h3 42. gxh3 gxh3 43. Rxg3 h2 44. Rg8+ Kc7 45. Rg7+ Kd8 46. Rg8+ Ke7 47.
Bg6 Rxg6 0-1

[Event "I. CLANSKA LIGA ZAHOD 2024"]
[Site "Komenda"]
[Date "2024.10.26"]
[Round "8.5"]
[White "Okorn, Nejc"]
[Black "Novak, Anze"]
[Result "1/2-1/2"]
[WhiteElo "1903"]
[BlackElo "1823"]
[PlyCount "108"]
[EventDate "2024.09.27"]
[WhiteTeam "SD VRHNIKA"]
[BlackTeam "SK KOMENDA"]

1. e4 c5 2. Nc3 d6 3. g3 Nf6 4. Bg2 Nc6 5. d3 g6 6. Be3 Bg7 7. h3 a6 8. Qd2 Rb8
9. f4 Qc7 10. Nf3 Bd7 11. O-O O-O 12. e5 dxe5 13. fxe5 Nxe5 14. Nxe5 Qxe5 15.
Bf4 Qd4+ 16. Qf2 Qxf2+ 17. Rxf2 Rbe8 18. Bxb7 Bc8 19. Bxc8 Rxc8 20. Be5 Rc6 21.
Re1 Re6 22. Rfe2 Rd8 23. g4 Rd7 24. Kf2 Bf8 25. Kf3 Rc6 26. Ne4 Nd5 27. c3 Nc7
28. Rd1 f6 29. Bg3 Bg7 30. Bf2 Ne6 31. a3 h6 32. Rc2 Ng5+ 33. Nxg5 hxg5 34. b4
cxb4 35. axb4 f5 36. c4 e5 37. Ke2 Rb7 38. Rb1 Kf7 39. Kd2 Ke6 40. Ra2 Rd7 41.
Rba1 e4 42. Rxa6 Rxd3+ 43. Ke2 Bxa1 44. Rxc6+ Rd6 45. Rc8 Bc3 46. Bc5 Rd2+ 47.
Kf1 Rd1+ 48. Kg2 Rd2+ 49. Kf1 Kd7 50. Rf8 f4 51. b5 e3 52. Rf7+ Kc8 53. Rf8+
Rd8 54. Rxd8+ Kxd8 1/2-1/2

[Event "I. CLANSKA LIGA ZAHOD 2024"]
[Site "Komenda"]
[Date "2024.10.26"]
[Round "8.5"]
[White "Macek, Inti"]
[Black "Zlindra, Aljaz"]
[Result "1/2-1/2"]
[WhiteElo "1750"]
[BlackElo "1851"]
[PlyCount "119"]
[EventDate "2024.09.27"]
[WhiteTeam "SK KOMENDA"]
[BlackTeam "SD VRHNIKA"]

1. d4 Nf6 2. Nf3 e6 3. c4 d5 4. Nc3 a6 5. Bg5 Be7 6. e3 O-O 7. Rc1 h6 8. Bh4
dxc4 9. Bxc4 b5 10. Be2 Bb7 11. O-O Nbd7 12. Qc2 Rc8 13. Bxf6 Nxf6 14. Rfd1 Qe8
15. a3 c5 16. dxc5 Bxc5 17. b4 Bb6 18. Qb2 Nd5 19. h3 Qe7 20. Nxd5 Bxd5 21. Nd2
Rxc1 22. Rxc1 Rd8 23. Bf3 Qg5 24. Bxd5 Qxd5 25. Nf3 Ba7 26. Qe5 Qd3 27. Qc3 Kh7
28. Qxd3+ Rxd3 29. Ra1 Bb8 30. Kf1 Kg6 31. Ke2 Rc3 32. Kd2 Rc8 33. Rc1 Rxc1 34.
Kxc1 Kf5 35. Kd2 Ke4 36. Nd4 e5 37. Nb3 Bd6 38. Kc3 Kd5 39. Na5 e4 40. Nb3 Be5+
41. Kc2 Bd6 42. Kc3 g6 43. f4 Be7 44. g3 f5 45. h4 Bf8 46. Kc2 h5 47. Kc3 Be7
48. Kc2 Bd8 49. Kc3 Bb6 50. Nd4 Bxd4+ 51. exd4 Kc6 52. Kd2 Kd6 53. Kc2 Kc6 54.
Kd2 Kb6 55. Kc3 a5 56. bxa5+ Kxa5 57. Kb3 Kb6 58. Kb4 Kc6 59. Kb3 Kd5 60. Kc3
1/2-1/2

[Event "I. CLANSKA LIGA ZAHOD 2024"]
[Site "Komenda"]
[Date "2024.10.27"]
[Round "9.1"]
[White "Lucovnik, Tilen"]
[Black "Furlan, Miha"]
[Result "1-0"]
[WhiteElo "2169"]
[BlackElo "2214"]
[PlyCount "133"]
[EventDate "2024.09.27"]
[WhiteTeam "SK KOMENDA"]
[BlackTeam "SK TREBNJE BMP"]

1. e4 c5 2. c3 Nf6 3. e5 Nd5 4. Bc4 Nb6 5. Bb3 c4 6. Bc2 g6 7. Nf3 Bg7 8. O-O
Nc6 9. Re1 d5 10. exd6 Qxd6 11. b3 cxb3 12. axb3 O-O 13. d4 Re8 14. Nbd2 Bg4
15. h3 Bxf3 16. Nxf3 e5 17. dxe5 Qxd1 18. Rxd1 Nxe5 19. Nxe5 Bxe5 20. Bb2 a6
21. Rd3 Rac8 22. Re1 Bg7 23. Rxe8+ Rxe8 24. Kf1 Rc8 25. Bd1 Be5 26. Bf3 Rc7 27.
Rd8+ Kg7 28. Rb8 Bxc3 29. Rxb7 Bxb2 30. Rxc7 a5 31. Ra7 Bc3 32. Ra6 Nd7 33. Bd5
Nf6 34. Bc4 Ne4 35. Ke2 Bb4 36. f3 Nd6 37. Kd3 h5 38. Bd5 h4 39. Bc4 g5 40. Kd4
Nf5+ 41. Ke5 Ne3 42. Ra7 Bc3+ 43. Ke4 Nxg2 44. Kf5 Nf4 45. Kxg5 Nxh3+ 46. Kxh4
Nf2 47. Rxf7+ Kg6 48. Kg3 Nd3 49. f4 Nc5 50. Rc7 Bd4 51. Kg4 Kf6 52. Rc6+ Ke7
53. Rc8 Ne4 54. Ra8 Bc3 55. f5 Kd6 56. Kh5 Kc5 57. Kg6 Kb4 58. Bd5 Nf6 59. Be6
Ne4 60. Rc8 Nc5 61. Bd5 Nd3 62. Kf7 Bb2 63. Ke7 Ne5 64. Ke6 Kb5 65. f6 Ng6 66.
f7 Ba3 67. Kf6 1-0

[Event "I. CLANSKA LIGA ZAHOD 2024"]
[Site "Komenda"]
[Date "2024.10.27"]
[Round "9.1"]
[White "Brcar, Ales"]
[Black "Keber, Aljosa"]
[Result "1/2-1/2"]
[WhiteElo "2182"]
[BlackElo "2103"]
[PlyCount "102"]
[EventDate "2024.09.27"]
[WhiteTeam "SK TREBNJE BMP"]
[BlackTeam "SK KOMENDA"]

1. e4 e5 2. Nf3 Nc6 3. Bb5 a6 4. Ba4 Nf6 5. d3 d6 6. c3 g6 7. O-O Bg7 8. Re1
Bd7 9. Nbd2 O-O 10. Nf1 Nh5 11. Ng3 Nxg3 12. hxg3 b5 13. Bc2 Bg4 14. Be3 Qe7
15. Qd2 Rad8 16. b4 Bxf3 17. gxf3 f5 18. Bb3+ Kh8 19. Bd5 Nb8 20. f4 c6 21. Bb3
Nd7 22. a4 Qf6 23. exf5 exf4 24. Bd4 Ne5 25. Qxf4 Qxf5 26. Qxf5 Rxf5 27. Bxe5
Bxe5 28. d4 Bf6 29. axb5 axb5 30. Kg2 c5 31. Bc2 Rh5 32. Re6 Rf8 33. Bd1 Rf5
34. Bc2 Rh5 35. Rxd6 cxd4 36. cxd4 Be7 37. Rd7 Bxb4 38. Raa7 Be1 39. f4 b4 40.
Re7 Bc3 41. g4 Rh4 42. Kg3 Rh1 43. Be4 Be1+ 44. Kg2 Rh4 45. Bf3 Bd2 46. Kg3 g5
47. fxg5 Bxg5 48. Rg7 Bf6 49. Rgf7 Rxf7 50. Rxf7 Rh6 51. Rb7 Bxd4 1/2-1/2

[Event "I. CLANSKA LIGA ZAHOD 2024"]
[Site "Komenda"]
[Date "2024.10.27"]
[Round "9.1"]
[White "Zidar, Jernej"]
[Black "Opara, Jan"]
[Result "0-1"]
[WhiteElo "2055"]
[BlackElo "2072"]
[PlyCount "98"]
[EventDate "2024.09.27"]
[WhiteTeam "SK KOMENDA"]
[BlackTeam "SK TREBNJE BMP"]

1. d4 Nf6 2. c4 e6 3. g3 c5 4. d5 exd5 5. cxd5 d6 6. Nc3 g6 7. Bg2 Bg7 8. Nf3
O-O 9. O-O a6 10. a4 Re8 11. Re1 Nbd7 12. h3 Rb8 13. Bf4 Qc7 14. e4 Nh5 15. Bg5
b5 16. axb5 axb5 17. Bf1 h6 18. g4 hxg5 19. gxh5 c4 20. hxg6 fxg6 21. Nd4 Bxd4
22. Qxd4 Ne5 23. Re3 Re7 24. Rg3 Rf7 25. Kg2 g4 26. hxg4 Bxg4 27. Be2 Bxe2 28.
Nxe2 Qc5 29. Qxc5 dxc5 30. f4 Nd3 31. Rxg6+ Kf8 32. f5 b4 33. Rh1 Ke7 34. Rc6
Rg8+ 35. Kf1 Rg4 36. Re6+ Kd7 37. Rhh6 c3 38. bxc3 b3 39. Rb6 b2 40. Rb3 Rxe4
41. f6 Rxe2 42. Kxe2 Nc1+ 43. Kd1 Nxb3 44. Kc2 Kd6 45. Kxb2 Na5 46. Ka3 Kxd5
47. Ka4 Nc4 48. Rh5+ Kc6 49. Rf5 Nd2 0-1

[Event "I. CLANSKA LIGA ZAHOD 2024"]
[Site "Komenda"]
[Date "2024.10.27"]
[Round "9.1"]
[White "Marinsek, Tomaz"]
[Black "Kobold, Andrej"]
[Result "1/2-1/2"]
[WhiteElo "2094"]
[BlackElo "1973"]
[PlyCount "80"]
[EventDate "2024.09.27"]
[WhiteTeam "SK TREBNJE BMP"]
[BlackTeam "SK KOMENDA"]

1. e4 c6 2. d4 d5 3. exd5 cxd5 4. Bd3 Nf6 5. h3 Nc6 6. c3 g6 7. Nf3 Bf5 8. Qc2
Bxd3 9. Qxd3 Qc7 10. Nbd2 Bg7 11. O-O O-O 12. Re1 a6 13. Nb3 Ne4 14. Ng5 Nxg5
15. Bxg5 e6 16. Qd2 Na5 17. Nxa5 Qxa5 18. Bh6 b5 19. Bxg7 Kxg7 20. a3 Qb6 21.
Qf4 Qb8 22. Qe3 a5 23. h4 h5 24. g3 b4 25. axb4 axb4 26. Rxa8 Qxa8 27. Qe5+ Kh7
28. Qf6 Qd8 29. Qf4 bxc3 30. bxc3 Kg7 31. Qe5+ Qf6 32. Kg2 Rc8 33. Qe3 Qf5 34.
Re2 Ra8 35. Qe5+ Qf6 36. f4 Ra3 37. Re3 Ra2+ 38. Kf3 Rc2 39. Rd3 Rc1 40. Re3
Rc2 1/2-1/2

[Event "I. CLANSKA LIGA ZAHOD 2024"]
[Site "Komenda"]
[Date "2024.10.27"]
[Round "9.1"]
[White "Perme, Martin"]
[Black "Brcar, Matej"]
[Result "0-1"]
[WhiteElo "1902"]
[BlackElo "1949"]
[PlyCount "20"]
[EventDate "2024.09.27"]
[WhiteTeam "SK KOMENDA"]
[BlackTeam "SK TREBNJE BMP"]

1. e4 e5 2. f4 Bc5 3. Nf3 d6 4. Bc4 Nc6 5. Ng5 Nh6 6. Qh5 O-O 7. f5 Nd4 8. Kd1
Ndxf5 9. g4 Ne3+ 10. Ke1 Bxg4 0-1

[Event "I. CLANSKA LIGA ZAHOD 2024"]
[Site "Komenda"]
[Date "2024.10.27"]
[Round "9.1"]
[White "Dimnik, Miha"]
[Black "Novak, Anze"]
[Result "1-0"]
[WhiteElo "1864"]
[BlackElo "1823"]
[PlyCount "91"]
[EventDate "2024.09.27"]
[WhiteTeam "SK TREBNJE BMP"]
[BlackTeam "SK KOMENDA"]

1. e4 c5 2. Nf3 d6 3. d4 cxd4 4. Qxd4 Nf6 5. h3 Nc6 6. Qe3 g6 7. Be2 Bg7 8. O-O
O-O 9. c4 Bd7 10. Nc3 a6 11. Rb1 Rc8 12. b4 Qc7 13. Bd2 e5 14. Rfc1 Qd8 15. Qd3
Ne8 16. b5 Nd4 17. Nxd4 exd4 18. Nd5 axb5 19. cxb5 Rxc1+ 20. Rxc1 Be6 21. a4
Bxd5 22. exd5 f5 23. a5 Nf6 24. Qxd4 Ne4 25. Qb4 Nxd2 26. Qxd2 Qf6 27. a6 bxa6
28. bxa6 Qd4 29. Qc2 Qb2 30. Qxb2 Bxb2 31. Rc4 Ba3 32. Rc7 Bc5 33. Rxc5 dxc5
34. d6 Ra8 35. d7 Rd8 36. a7 Kf8 37. Bf3 c4 38. a8=Q Rxa8 39. Bxa8 Ke7 40. Kf1
Kxd7 41. Ke2 Kd6 42. Kd2 h5 43. f4 h4 44. Kc3 Kc5 45. Bf3 Kb5 46. Bd5 1-0

[Event "I. CLANSKA LIGA ZAHOD 2024"]
[Site "Komenda"]
[Date "2024.10.27"]
[Round "9.2"]
[White "Rodman, Franc"]
[Black "Praznik, Niko"]
[Result "1/2-1/2"]
[WhiteElo "1999"]
[BlackElo "2313"]
[PlyCount "110"]
[EventDate "2024.09.27"]
[WhiteTeam "SD SIJ ACRONI JESENICE"]
[BlackTeam "SD VRHNIKA"]

1. d4 g6 2. Nf3 Bg7 3. c4 d6 4. g3 Nd7 5. Bg2 e5 6. O-O Ne7 7. e4 O-O 8. Nc3
exd4 9. Nxd4 Nc6 10. Nde2 a6 11. Be3 Nde5 12. b3 Ng4 13. Bd2 f5 14. h3 Nf6 15.
exf5 Bxf5 16. Be3 Rb8 17. Rc1 Kh8 18. Nf4 Re8 19. g4 Bd7 20. Ncd5 Ng8 21. Nd3
Be6 22. Qd2 Rc8 23. N3f4 Bf7 24. Nd3 Qd7 25. N3f4 Ne5 26. Ne2 Nc6 27. Nd4 Nxd4
28. Bxd4 Bxd5 29. Bxg7+ Qxg7 30. cxd5 Re7 31. Rfe1 Rce8 32. Rxe7 Rxe7 33. Re1
Nf6 34. Rxe7 Qxe7 35. g5 Ne8 36. f4 Ng7 37. Bf3 Nf5 38. Kg2 Kg8 39. Qe2 Kf7 40.
Qxe7+ Kxe7 41. Be4 Kf7 42. Kf3 Ne7 43. Ke3 Kg7 44. h4 Nf5+ 45. Bxf5 gxf5 46. h5
Kf7 47. Kd4 b6 48. a4 Kg7 49. b4 b5 50. axb5 axb5 51. Ke3 Kf7 52. Kf3 Kg7 53.
Kg3 Kf7 54. Kh4 Kg7 55. g6 h6 1/2-1/2

[Event "I. CLANSKA LIGA ZAHOD 2024"]
[Site "Komenda"]
[Date "2024.10.27"]
[Round "9.2"]
[White "Siraj, Anej"]
[Black "Jeraj, Zlatko"]
[Result "1/2-1/2"]
[WhiteElo "2075"]
[BlackElo "1989"]
[PlyCount "109"]
[EventDate "2024.09.27"]
[WhiteTeam "SD VRHNIKA"]
[BlackTeam "SD SIJ ACRONI JESENICE"]

1. d4 g6 2. e4 Bg7 3. Nf3 Nf6 4. e5 Ng8 5. Bc4 d5 6. Bb3 c5 7. dxc5 e6 8. O-O
Qc7 9. Nc3 Qxc5 10. Be3 Qa5 11. a4 a6 12. Ra3 Qd8 13. a5 Nd7 14. Nxd5 exd5 15.
Qxd5 Nxe5 16. Ba4+ Nc6 17. Bxc6+ bxc6 18. Qxc6+ Bd7 19. Qe4+ Be6 20. Bb6 Qd5
21. Qa4+ Qb5 22. Qe4 Qd5 23. Qxd5 Bxd5 24. Re3+ Ne7 25. Bc5 Bf6 26. Rfe1 Be6
27. Bd4 Bxd4 28. Nxd4 O-O 29. Nxe6 fxe6 30. Rxe6 Nf5 31. c4 Kf7 32. g4 Nd4 33.
Re7+ Kg8 34. Rd1 Nc6 35. Rc7 Rac8 36. Rdd7 Rxc7 37. Rxc7 Nxa5 38. b4 Nb3 39.
Ra7 Rb8 40. c5 Nd4 41. Rxa6 Rxb4 42. c6 Rc4 43. Ra8+ Kg7 44. Ra7+ Kf6 45. Rxh7
Nxc6 46. h3 Ne5 47. Ra7 Nxg4 48. hxg4 Rxg4+ 49. Kf1 Rb4 50. Kg2 Kg5 51. Kg3
Rg4+ 52. Kf3 Rf4+ 53. Kg3 Rg4+ 54. Kf3 Rf4+ 55. Kg3 1/2-1/2

[Event "I. CLANSKA LIGA ZAHOD 2024"]
[Site "Komenda"]
[Date "2024.10.27"]
[Round "9.2"]
[White "Pazlar, Marko"]
[Black "Praznik, Anton"]
[Result "1/2-1/2"]
[WhiteElo "1975"]
[BlackElo "1967"]
[PlyCount "86"]
[EventDate "2024.09.27"]
[WhiteTeam "SD SIJ ACRONI JESENICE"]
[BlackTeam "SD VRHNIKA"]

1. Nf3 Nf6 2. g3 c5 3. c4 Nc6 4. Bg2 e5 5. Nc3 g6 6. O-O Bg7 7. e3 O-O 8. d4 d6
9. dxe5 dxe5 10. Ng5 Bd7 11. b3 b6 12. Bb2 Rc8 13. Nge4 Nxe4 14. Nxe4 Qe7 15.
Qd6 Rfe8 16. Rfd1 Bf5 17. Qxe7 Rxe7 18. Nd6 Rcc7 19. Nxf5 gxf5 20. Bxc6 Rxc6
21. Rd8+ Bf8 22. Rad1 Rce6 23. Kg2 f6 24. Kf3 Kf7 25. R8d7 Rxd7 26. Rxd7+ Re7
27. Rxe7+ Bxe7 28. e4 Ke6 29. g4 f4 30. h4 h6 31. h5 a6 32. Ke2 Bd6 33. f3 Bc7
34. Kd3 Kd6 35. Bc3 a5 36. a3 Kc6 37. b4 axb4 38. axb4 Bd6 39. b5+ Kd7 40. Ke2
Ke6 41. Kf2 Be7 42. Kg2 Bd8 43. Kh3 Be7 1/2-1/2